Lyric Lab - Statistiken

Allgemein
  • Dieses Quiz wurde 22 mal gespielt
  • Das Durchschnittsergebnis liegt bei 11 aus 29
Antwortstatistiken
Hint Antwort % Korrekt
A little bit of ..... by my side (0,5 Pkte) Erica
70%
A little bit of ..... in my life (0,5 Pkte) Monica
70%
A little bit of ....., here I am (0,5 Pkte) Jessica
65%
A little bit of ..... makes me your man (ah) (0,5 Pkte) you
65%
A little bit of .....'s all I need (0,5 Pkte) Rita
60%
A little bit of .....'s what I see (0,5 Pkte) Tina
60%
Was würde der Bruno für dich fangen auch wenn er dabei sterben würde ? Granate
55%
A little bit of ..... all night long (0,5 Pkte) Mary
55%
A little bit of ..... in the sun (0,5 Pkte) Sandra
55%
Was kostet der Eintritt ins Abenteuerland ? Verstand
55%
Ich sehe, dass du denkst. Ich denke, dass du .... ? fühlst
50%
In welcher Werkstatt erhält ein Junge immer eine Festanstellung wenn er darum bittet ? Onkel Werner
50%
Wie heißt der Ehemann von Cordula ? Eberhard
35%
There's vomit on his sweater already, ...... ? Moms Spaghetti
35%
I knew you were ... when you walked in ? trouble
35%
Wer behauptet Michael wäre der Vater ihres Sohnes, was er aber verneint ? Billie Jean
30%
Such a lovely place, such a lovely face, plenty of room at the .... ? Hotel California
30%
Was sind die ersten drei Worte von Ben E. King´s Klassiker "Stand by me" ? When the night
30%
Turning saints into the sea, Swimming through sick lullabies, choking on your ..... ? alibis
25%
Im Süden welcher Stadt wurde der Junge geboren, der den Mitternachtszug nach irgendwo nimmt ? Detroit
25%
Schlecht für den Nachwuchs, Schlecht für die Nordsee, Schlecht für den Kopf ..... ? Doch leider geil
25%
Mein Kopf platzt, ....., ich trag sie nur aus Trotz, Trotz ? Guccisandalen
20%
Skibadee, skibadanger
! I am the .....? rearranger
20%
und mein ....., Meine Missionare auf einem fremden Gebiet Schild
15%
mein ..... Schwert
15%
Ich höre die Glocken Jerusalems läuten, Chöre der römischen Kavallerie singen, Sei mein ...., Spiegel
15%
Lauchgestalten neigen ihre Häupter, denn mein Bizeps ist größer als ihre ....? Einfamilienhäuser
10%
There's a pounding in my head, Glitter all over the room, ..... in the pool ? Pink flamingos
5%
J'veux ton amour, et je veux ta revanche, J'veux ton amour, .....? I don't wanna be friends
0%
Keine übereinstimmenden Quizze gefunden
Verteilung der Resultate
Anzahl Personen mit jedem Resultat
Perzentil nach korrekt beantworteten Fragen
Ihre Resultats-Entwicklung
Sie haben dieses Quiz noch nicht gespielt